<?xml version="1.0" encoding="UTF-8"?>
<collection xmlns="http://www.loc.gov/MARC21/slim">
 <record>
  <leader>02007nam a22003131a 4500</leader>
  <controlfield tag="001">1/19820</controlfield>
  <controlfield tag="008">030923s1994    nyua          100 0 eng d</controlfield>
  <datafield tag="020" ind1=" " ind2=" ">
   <subfield code="a">0784400288</subfield>
  </datafield>
  <datafield tag="035" ind1=" " ind2=" ">
   <subfield code="l">20398</subfield>
  </datafield>
  <datafield tag="040" ind1=" " ind2=" ">
   <subfield code="a">DLC</subfield>
   <subfield code="b">GR-PeUP</subfield>
  </datafield>
  <datafield tag="082" ind1="0" ind2="0">
   <subfield code="a">387.15 MA</subfield>
  </datafield>
  <datafield tag="245" ind1="1" ind2="0">
   <subfield code="a">Marinas, parks and recreation developments :</subfield>
   <subfield code="b">proceedings of the international conference /</subfield>
   <subfield code="c">sponsored by the Ports and Harbors Committee, Marinas 2000 Task Committee of the Waterway, Port, Coastal, and Ocean Division of the American Society of Civil Engineers, and the Park and Recreation Planning Committee of the Urban Planning and Development Division of the American Society of Civil Engineers, in cooperation with American Society of Landscape Architects ... [et al.] : Milwaukee, Wisconsin, June 26-30, 1994 ; edited by Marshall Flug and Fred A. Klancnik.</subfield>
  </datafield>
  <datafield tag="260" ind1=" " ind2=" ">
   <subfield code="a">New York :</subfield>
   <subfield code="b">American Society of Civil Engineers,</subfield>
   <subfield code="c">1994.</subfield>
  </datafield>
  <datafield tag="300" ind1=" " ind2=" ">
   <subfield code="a">xiii, 620 p. :</subfield>
   <subfield code="b">ill. ;</subfield>
   <subfield code="c">22 cm.</subfield>
  </datafield>
  <datafield tag="500" ind1=" " ind2=" ">
   <subfield code="a">&quot;The International Conference &amp; Exposition on Marinas, Parks &amp; Recreation Developments&quot;--Foreword.</subfield>
  </datafield>
  <datafield tag="504" ind1=" " ind2=" ">
   <subfield code="a">Includes bibliographical references and indexes.</subfield>
  </datafield>
  <datafield tag="650" ind1=" " ind2="4">
   <subfield code="a">Marinas</subfield>
   <subfield code="x">Design and construction</subfield>
   <subfield code="x">Congresses.</subfield>
  </datafield>
  <datafield tag="650" ind1=" " ind2="4">
   <subfield code="a">Parks</subfield>
   <subfield code="x">Design and construction</subfield>
   <subfield code="x">Congresses.</subfield>
  </datafield>
  <datafield tag="650" ind1=" " ind2="4">
   <subfield code="a">Recreation areas</subfield>
   <subfield code="x">Design and construction</subfield>
   <subfield code="x">Congresses.</subfield>
  </datafield>
  <datafield tag="650" ind1=" " ind2="4">
   <subfield code="a">Waterfronts</subfield>
   <subfield code="x">Design and construction</subfield>
   <subfield code="x">Congresses.</subfield>
  </datafield>
  <datafield tag="700" ind1="1" ind2=" ">
   <subfield code="a">Flug, Marshall,</subfield>
   <subfield code="e">ed.</subfield>
  </datafield>
  <datafield tag="700" ind1="1" ind2=" ">
   <subfield code="a">Klancnik, Fred A.</subfield>
   <subfield code="e">ed.</subfield>
  </datafield>
  <datafield tag="710" ind1="2" ind2=" ">
   <subfield code="a">American Society of Civil Engineers.</subfield>
   <subfield code="b">Ports and Harbors Committee.</subfield>
  </datafield>
  <datafield tag="710" ind1="2" ind2=" ">
   <subfield code="a">American Society of Civil Engineers.</subfield>
   <subfield code="b">Task Committee on Marinas 2000.</subfield>
  </datafield>
  <datafield tag="710" ind1="2" ind2=" ">
   <subfield code="a">American Society of Civil Engineers.</subfield>
   <subfield code="b">Park and Recreation Planning Committee.</subfield>
  </datafield>
  <datafield tag="710" ind1="2" ind2=" ">
   <subfield code="a">American Society of Landscape Architects.</subfield>
  </datafield>
  <datafield tag="711" ind1="2" ind2=" ">
   <subfield code="a">International Conference &amp; Exposition on Marinas, Parks &amp; Recreation Developments</subfield>
   <subfield code="d">(1994 :</subfield>
   <subfield code="c">Milwaukee, Wis.)</subfield>
  </datafield>
  <datafield tag="852" ind1=" " ind2=" ">
   <subfield code="a">INST</subfield>
   <subfield code="b">UNIPILB</subfield>
   <subfield code="c">MAIN</subfield>
   <subfield code="e">20040709</subfield>
   <subfield code="h">387.15 MA</subfield>
   <subfield code="p">00141250</subfield>
   <subfield code="q">00141250</subfield>
   <subfield code="t">LOAN</subfield>
   <subfield code="y">0</subfield>
   <subfield code="4">1</subfield>
  </datafield>
  <datafield tag="856" ind1="4" ind2=" ">
   <subfield code="d">/webopac/covers/01/20398_0784400288.jpg</subfield>
  </datafield>
 </record>
</collection>
